Klastrovanie kovov a adsorpcia vodíka na uhlíkatých nanomateriáloch: teoretické štúdium

Enregistré dans:
Détails bibliographiques
Auteur principal: Tkáč, Ondrej (Auteur)
Autres auteurs: Malček, Michal (Directeur de thèse)
Format: Manuscrit Livre
Langue:slovaque
Publié: 2025
Sujets:
Accès en ligne:http://is.stuba.sk/zp/portal_zp.pl?podrobnosti=183367
Tags: Ajouter un tag
Pas de tags, Soyez le premier à ajouter un tag!

MARC

LEADER 00000ntm a22000003a 4500
001 stuzp103790
003 SK-STU
005 20250607210354.8
007 ta
008 150427s2015----xo-----f-mn---000-0-slo-d
040 |a STU  |b slo 
041 0 |a slo 
100 1 |a Tkáč, Ondrej  |u 045210  |4 aut  |U FCHPT Ústav fyzikálnej chémie a chemickej fyziky  |T FCHPT Oddelenie fyzikálnej chémie  |X 110542  |U C5210  |Y 117  |7 110542 
242 0 1 |a Metal clustering and hydrogen storage on carbon-based nanomaterials: theoretical study  |y eng 
245 1 0 |a Klastrovanie kovov a adsorpcia vodíka na uhlíkatých nanomateriáloch: teoretické štúdium 
260 |c 2025 
650 4 |a hydrogen storage  |2 eng 
650 4 |a graphene-based nanomaterials  |2 eng 
650 4 |a DFT  |2 eng 
650 4 |a hydrogen energy  |2 eng 
650 4 |a transition metals  |2 eng 
650 4 |a vodíková energia  |2 slo 
650 4 |a uskladnenie vodíka  |2 slo 
650 4 |a prechodné prvky  |2 slo 
650 4 |a nanomateriály na báze grafénu  |2 slo 
650 4 |a DFT  |2 slo 
700 1 |a Malček, Michal  |u 045210  |k Z1  |4 ths  |U FCHPT Ústav fyzikálnej chémie a chemickej fyziky  |T FCHPT Oddelenie fyzikálnej chémie  |X 40681  |U C5210  |Y 117  |7 A000040681 
856 4 |u http://is.stuba.sk/zp/portal_zp.pl?podrobnosti=183367